[Event "7e Festival de Vaujany 2016 - principal"]
[Site "?"]
[Date "2016.07.24"]
[Round "9.4"]
[White "Valles, Manuel"]
[Black "Gaborit, Jean-Pierre"]
[Result "1-0"]
[WhiteElo "2397"]
[BlackElo "2182"]
[PlyCount "39"]

1. d4 Nf6 2. c4 g6 3. f3 d5 4. cxd5 c6 5. dxc6 Nxc6 6. e3 e5 7. Bb5 Qa5+ 8. Nc3
Bb4 9. Bxc6+ bxc6 10. Nge2 O-O 11. Bd2 exd4 12. Nxd4 c5 13. Nc6 Qc7 14. Nxb4
cxb4 15. Nb5 Qe5 16. Nd4 Nd5 17. Qb3 a5 18. Nc6 Qe8 19. Qxd5 Bb7 20. Rc1 1-0

[Event "7e Festival de Vaujany 2016 - principal"]
[Site "?"]
[Date "2016.07.24"]
[Round "9.5"]
[White "Joie, Sebastien"]
[Black "Di Nicolantonio, Lucas"]
[Result "1/2-1/2"]
[WhiteElo "2387"]
[BlackElo "2393"]
[PlyCount "65"]

1. e4 c6 2. d4 d5 3. exd5 cxd5 4. Bd3 Nc6 5. c3 Nf6 6. Bf4 Bg4 7. Qb3 Qd7 8.
Nd2 e6 9. Ngf3 Bxf3 10. Nxf3 a6 11. O-O Be7 12. Ne5 Qc8 13. Nxc6 Qxc6 14. a4
O-O 15. Bg5 h6 16. Bxf6 Bxf6 17. f4 Rab8 18. Kh1 b5 19. axb5 axb5 20. Qb4 Rb7
21. Ra5 Be7 22. Bxb5 Bxb4 23. Bxc6 Bxa5 24. Bxb7 Rb8 25. Ra1 Rxb7 26. Rxa5 Rxb2
27. Kg1 Rc2 28. Rc5 Kh7 29. f5 exf5 30. Rxd5 Rxc3 31. Rxf5 Rd3 32. Rxf7 Rd1+
33. Rf1 1/2-1/2

[Event "7e Festival de Vaujany 2016 - principal"]
[Site "?"]
[Date "2016.07.24"]
[Round "9.6"]
[White "Mihok, Oliver"]
[Black "Bluhm, Sonja Maria"]
[Result "1-0"]
[WhiteElo "2509"]
[BlackElo "2229"]
[PlyCount "69"]

1. e4 e5 2. Nf3 Nc6 3. Bb5 a6 4. Ba4 Nf6 5. O-O Be7 6. Re1 b5 7. Bb3 d6 8. c3
O-O 9. h3 Nb8 10. d4 Nbd7 11. Nbd2 Bb7 12. Bc2 Re8 13. a4 Bf8 14. Bd3 c6 15. b3
Qb6 16. Bb2 Rad8 17. Qc2 c5 18. d5 Nh5 19. Bf1 f5 20. axb5 axb5 21. c4 fxe4 22.
Nxe4 b4 23. Neg5 g6 24. Ne6 Rxe6 25. dxe6 Ndf6 26. Ng5 Re8 27. Bc1 Ng7 28. Bd3
Qc6 29. f3 Nxe6 30. Bxg6 Re7 31. Bxh7+ Rxh7 32. Nxe6 Qe8 33. Nxf8 Qxf8 34. Bg5
Qg7 35. Qf5 1-0

[Event "7e Festival de Vaujany 2016 - principal"]
[Site "?"]
[Date "2016.07.24"]
[Round "9.7"]
[White "Skomorokhin, Roman"]
[Black "Bandet, Raphael"]
[Result "1-0"]
[WhiteElo "2396"]
[BlackElo "2156"]
[PlyCount "45"]

1. d4 Nf6 2. c4 g6 3. Nf3 Bg7 4. g3 O-O 5. Bg2 d6 6. O-O Nbd7 7. Qc2 e5 8. Rd1
Re8 9. Nc3 c6 10. e4 Qc7 11. h3 b5 12. c5 dxc5 13. dxe5 Nxe5 14. Nxe5 Qxe5 15.
Bf4 Qh5 16. e5 Nd5 17. Nxd5 cxd5 18. Rxd5 Bxh3 19. e6 Bf5 20. exf7+ Kxf7 21.
Qb3 Be6 22. Rxh5 Bxb3 23. Rxh7 1-0

[Event "7e Festival de Vaujany 2016 - principal"]
[Site "?"]
[Date "2016.07.24"]
[Round "9.8"]
[White "Meunier, Clement"]
[Black "Houard, Sebastien"]
[Result "0-1"]
[WhiteElo "2338"]
[BlackElo "2133"]
[PlyCount "166"]

1. e4 e5 2. Nf3 Nc6 3. Bb5 a6 4. Ba4 Nf6 5. O-O b5 6. Bb3 Be7 7. Re1 O-O 8. d4
d6 9. c3 Bg4 10. d5 Na5 11. Bc2 c5 12. h3 Bd7 13. Nxe5 dxe5 14. d6 Be6 15. dxe7
Qxe7 16. Bg5 h6 17. Bh4 g5 18. Bg3 Rfd8 19. Qe2 Nd7 20. Nd2 Nc4 21. Nxc4 Bxc4
22. Qe3 f6 23. f3 Bf7 24. Bf2 c4 25. b4 a5 26. a3 Ra6 27. Rad1 axb4 28. axb4
Ra2 29. Bb1 Ra1 30. Qd2 Be6 31. Bc5 Qe8 32. Bb6 Rxb1 33. Bxd8 Rxd1 34. Rxd1
Qxd8 35. Qf2 Qc7 36. h4 Nb6 37. hxg5 hxg5 38. g4 Na4 39. Qd2 Kg7 40. Kg2 Qc8
41. Kg3 Qh8 42. Kg2 Qc8 43. Qd6 Bf7 44. Qe7 Qe8 45. Qc7 Nxc3 46. Rd8 Qe6 47.
Rd6 Qe8 48. Rb6 Ne2 49. Qd6 Nf4+ 50. Kf1 Be6 51. Rb8 Qf7 52. Qc6 Bd7 53. Qc7
Ne6 54. Qd6 c3 55. Qd3 Nd4 56. Qxc3 Qa2 57. Qe3 Be6 58. Rb7+ Kg6 59. Qf2 Bc4+
60. Kg2 Be2 61. Kg3 Qb3 62. Kg2 Qxf3+ 63. Qxf3 Bxf3+ 64. Kf2 Bxe4 65. Rb6 Bf3
66. Kg3 Be2 67. Rd6 Bc4 68. Kf2 Nc2 69. Rd2 Nxb4 70. Ke3 Nc6 71. Rb2 Nd4 72.
Kf2 Be6 73. Kg3 Kf7 74. Rb1 Ke7 75. Rb2 Bd7 76. Rb1 Nc2 77. Rb3 Nd4 78. Rb2 Kd6
79. Rf2 Ke6 80. Rb2 e4 81. Rb1 e3 82. Re1 e2 83. Rc1 Nc2 0-1

[Event "7e Festival de Vaujany 2016 - principal"]
[Site "?"]
[Date "2016.07.24"]
[Round "9.9"]
[White "Viennot, Dylan"]
[Black "Bianchi, Tobias"]
[Result "1-0"]
[WhiteElo "2331"]
[BlackElo "2016"]
[PlyCount "75"]

1. d4 d5 2. Bf4 c5 3. e3 Nc6 4. Nf3 Bg4 5. Bb5 Qb6 6. Nc3 e6 7. O-O Nf6 8. a4
a5 9. h3 Bxf3 10. Qxf3 cxd4 11. exd4 Be7 12. Ne2 O-O 13. c3 Ne4 14. Ng3 Nxg3
15. Qxg3 Qd8 16. Bc7 Qd7 17. Be5 f6 18. Bf4 Rad8 19. Rfe1 Bd6 20. Bxd6 Qxd6 21.
f4 Ne7 22. Bd3 Nf5 23. Qf3 Qd7 24. Re2 Nd6 25. Rae1 f5 26. Rxe6 Ne4 27. Re5
Qxa4 28. Qe2 Qd7 29. Rxd5 Ng3 30. Qe5 Qxd5 31. Qxd5+ Rxd5 32. Bc4 Rfd8 33. Re5
b5 34. Bxd5+ Kf8 35. Bf3 b4 36. Kf2 Ne4+ 37. Bxe4 fxe4 38. Rxa5 1-0

[Event "7e Festival de Vaujany 2016 - principal"]
[Site "?"]
[Date "2016.07.24"]
[Round "9.10"]
[White "Le Corre, Benjamin"]
[Black "Drozdowski, Konrad"]
[Result "1-0"]
[WhiteElo "2323"]
[BlackElo "2088"]
[PlyCount "139"]

1. e4 c5 2. Nf3 e6 3. d4 cxd4 4. Nxd4 a6 5. Nc3 Qc7 6. g3 Nf6 7. Bg2 Nc6 8. O-O
Be7 9. Kh1 O-O 10. f4 d6 11. Nxc6 bxc6 12. g4 Nd7 13. g5 f6 14. gxf6 Bxf6 15.
e5 dxe5 16. Qg4 Bb7 17. Ne4 Kh8 18. Be3 c5 19. f5 exf5 20. Rxf5 Be7 21. Rh5 Nf6
22. Nxf6 Rxf6 23. Rg1 g6 24. Be4 Bxe4+ 25. Qxe4 Qc6 26. Rxe5 Qxe4+ 27. Rxe4 Bf8
28. Rd1 Kg8 29. Kg2 Rb8 30. b3 Rc8 31. Rd5 Rfc6 32. a3 Ra8 33. Bd2 Rac8 34. Bc3
Rb8 35. Rd7 Ra8 36. Kf3 c4 37. b4 Rb8 38. Rf4 Rb5 39. a4 Rh5 40. h4 Rc8 41. Kg4
Bh6 42. Re4 Bf8 43. Rdd4 Rf5 44. Rxc4 h5+ 45. Kg3 Bd6+ 46. Kg2 Rcf8 47. Be1
R8f6 48. Rc6 Rd5 49. c4 Rd1 50. c5 Be7 51. Rxf6 Bxf6 52. c6 Rc1 53. b5 axb5 54.
axb5 Rc2+ 55. Bf2 Kf7 56. b6 Bd8 57. c7 Bxc7 58. bxc7 Rxc7 59. Be3 Rd7 60. Bg5
Rb7 61. Kf3 Rb3+ 62. Kf4 Rb7 63. Rc4 Ra7 64. Ke5 Rd7 65. Rf4+ Kg7 66. Rd4 Ra7
67. Ke6 Ra6+ 68. Rd6 Ra2 69. Bf6+ Kh7 70. Rd7+ 1-0

[Event "7e Festival de Vaujany 2016 - principal"]
[Site "?"]
[Date "2016.07.24"]
[Round "9.11"]
[White "Teychene, Jean-Louis"]
[Black "Favarel, Camille"]
[Result "0-1"]
[WhiteElo "1853"]
[BlackElo "2256"]
[PlyCount "48"]

1. d4 d5 2. c4 c6 3. Nf3 Nf6 4. Nc3 dxc4 5. a4 Bf5 6. e3 e6 7. Bxc4 Bb4 8. O-O
O-O 9. Qe2 Nbd7 10. e4 Bg6 11. Bd3 Bh5 12. e5 Nd5 13. Nxd5 cxd5 14. Qe3 Re8 15.
Ne1 Rc8 16. f4 Bg6 17. f5 exf5 18. Bxf5 Rxe5 19. Bxg6 Rxe3 20. Bxf7+ Kh8 21.
Bxe3 Qe7 22. Rf3 Bxe1 23. Rxe1 Nf6 24. Rxf6 gxf6 0-1

[Event "7e Festival de Vaujany 2016 - principal"]
[Site "?"]
[Date "2016.07.24"]
[Round "9.12"]
[White "Dudugnon, Thibault"]
[Black "Chalmeta Ugas, Ramon"]
[Result "0-1"]
[WhiteElo "2158"]
[BlackElo "2249"]
[PlyCount "116"]

1. e4 c5 2. Nf3 e6 3. d4 cxd4 4. Nxd4 Nc6 5. Nc3 Qc7 6. g3 a6 7. Bg2 Nf6 8. O-O
Be7 9. Re1 d6 10. h3 O-O 11. Be3 Bd7 12. f4 Rac8 13. a4 Na5 14. Nde2 Nc4 15.
Bc1 b5 16. axb5 axb5 17. b3 Nb6 18. Be3 b4 19. Nb1 d5 20. e5 Ne4 21. Kh2 Ra8
22. Bxb6 Qxb6 23. Rxa8 Rxa8 24. Bxe4 dxe4 25. Qd4 Qb7 26. c4 bxc3 27. Nbxc3 Bc6
28. Qc4 Bd5 29. Nxd5 exd5 30. Qc2 Rc8 31. Qb2 h6 32. Nd4 Qb4 33. Re2 Rc3 34.
Nf5 Bf8 35. Re3 Rxe3 36. Nxe3 d4 37. Nc4 d3 38. e6 Qc5 39. exf7+ Kxf7 40. Qd2
Kg8 41. Kg2 Qd4 42. Qe3 Qxe3 43. Nxe3 Bc5 44. Nd1 e3 45. Nb2 d2 46. Kf1 Bd4 47.
Nd1 Kf7 48. Ke2 Ke6 49. Kf3 Kd5 50. g4 Kc5 51. h4 Kb4 52. h5 Kxb3 53. g5 Kc2
54. Ke2 Kc1 55. gxh6 gxh6 56. f5 Kc2 57. f6 Bxf6 58. Nxe3+ Kc1 0-1

[Event "7e Festival de Vaujany 2016 - principal"]
[Site "?"]
[Date "2016.07.24"]
[Round "9.13"]
[White "Rooze, Jan"]
[Black "Soyer, Jean-Yves"]
[Result "1-0"]
[WhiteElo "2322"]
[BlackElo "2073"]
[PlyCount "117"]

1. e4 c5 2. Nf3 d6 3. Bb5+ Bd7 4. Bxd7+ Qxd7 5. c4 Nc6 6. d4 cxd4 7. Nxd4 g6 8.
b3 Bg7 9. Bb2 Nf6 10. Nc3 Nxd4 11. Qxd4 Qg4 12. O-O Nh5 13. Qd1 Qxd1 14. Raxd1
Nf4 15. Rd2 O-O 16. g3 Bxc3 17. Bxc3 Ne6 18. f4 Rfc8 19. f5 Nc5 20. Re1 f6 21.
g4 g5 22. h4 h6 23. Rd5 Kf7 24. h5 Rc7 25. Re3 Rac8 26. Bd4 b6 27. Kf2 Rb7 28.
Kf3 Na6 29. Bc3 Nc7 30. Rd4 Na6 31. Rd2 Nc5 32. Bd4 Nd7 33. Rc3 Rbc7 34. Rcd3
Nc5 35. Re3 Nd7 36. Rc3 Nb8 37. Ke3 Nd7 38. Rdc2 Ke8 39. b4 Kf7 40. Kd3 Ke8 41.
Ra3 Nb8 42. b5 Nd7 43. Ra4 Rd8 44. Ke3 Nc5 45. Bxc5 dxc5 46. Rd2 Rxd2 47. Kxd2
e5 48. fxe6 Ke7 49. Ra3 Kxe6 50. Rd3 Rd7 51. Rxd7 Kxd7 52. e5 fxe5 53. Kd3 Ke7
54. Ke4 Kf6 55. Kd5 e4 56. Kxe4 Ke6 57. a3 Ke7 58. Ke5 Kf7 59. Kd6 1-0

[Event "7e Festival de Vaujany 2016 - principal"]
[Site "?"]
[Date "2016.07.24"]
[Round "9.14"]
[White "Midoux, Sebastien"]
[Black "Nastro, Federico"]
[Result "1-0"]
[WhiteElo "2343"]
[BlackElo "2071"]
[PlyCount "67"]

1. d4 Nf6 2. c4 c5 3. d5 e6 4. Nc3 exd5 5. cxd5 d6 6. Nf3 g6 7. g3 Bg7 8. Bg2
O-O 9. O-O Qe7 10. Re1 Re8 11. Bf4 a6 12. a4 Nbd7 13. a5 Rb8 14. e4 Nh5 15. Bg5
f6 16. Bd2 Ne5 17. Nxe5 fxe5 18. b4 cxb4 19. Na4 b5 20. axb6 a5 21. Nb2 Rxb6
22. Nc4 Rb5 23. Nxa5 Bd7 24. Bf1 Rbb8 25. Nc6 Bxc6 26. dxc6 Rec8 27. Qa4 Qc7
28. Rec1 Nf6 29. Bxb4 Ng4 30. Bc4+ Kh8 31. Be6 Nxf2 32. Kxf2 Qb6+ 33. Kg2 Qd4
34. Bc3 1-0

[Event "7e Festival de Vaujany 2016 - principal"]
[Site "?"]
[Date "2016.07.24"]
[Round "9.15"]
[White "Gatineau, Yovann"]
[Black "Suez-Panama, Gilles"]
[Result "0-1"]
[WhiteElo "2206"]
[BlackElo "2017"]
[PlyCount "156"]

1. d4 Nf6 2. c4 e6 3. Nf3 d5 4. Nc3 Be7 5. Bf4 c6 6. e3 O-O 7. Qc2 Qa5 8. Nd2
Nbd7 9. Bd3 Re8 10. O-O g6 11. h3 Bf8 12. Nf3 dxc4 13. Bxc4 b5 14. Bd3 Bb7 15.
Rac1 Rac8 16. Qe2 b4 17. Ne4 Nxe4 18. Bxe4 Nf6 19. Bd3 c5 20. Bb5 Red8 21. Bg5
Kg7 22. Ne5 Be7 23. Rfe1 cxd4 24. Rxc8 Rxc8 25. exd4 Qd8 26. Ba6 Bxa6 27. Qxa6
Rc2 28. Nxf7 Qb6 29. Qd3 Rxb2 30. Bc1 Rxa2 31. Ng5 b3 32. Nxe6+ Kh8 33. Qc4 Rc2
34. Qd3 b2 35. Bxb2 Qxb2 36. Qe3 Qc3 37. Qe5 Rc1 38. Rxc1 Qxc1+ 39. Kh2 Qa3 40.
Ng5 Kg7 41. Ne4 Kf7 42. Ng5+ Ke8 43. Qb8+ Bd8 44. Ne6 Qe7 45. Nxd8 Qxd8 46.
Qxa7 h5 47. Qg7 Qd6+ 48. g3 Nd7 49. Kg2 Qd5+ 50. Kh2 Qf7 51. Qh8+ Qf8 52. Qxf8+
Nxf8 53. h4 Ne6 54. d5 Nc7 55. d6 Nb5 56. g4 Nxd6 57. Kg3 Ke7 58. Kf4 Kf6 59.
f3 Nf7 60. Ke4 g5 61. hxg5+ Nxg5+ 62. Ke3 h4 63. f4 Ne6 64. f5 Ng5 65. Kf4 Kg7
66. Ke3 Kf7 67. Ke2 Kf6 68. Kf2 Ke5 69. Ke3 Kd5 70. Kf4 Nh3+ 71. Ke3 Ke5 72.
Kf3 Ng5+ 73. Ke3 h3 74. Kf2 Kf4 75. Kg1 Kg3 76. f6 h2+ 77. Kh1 Ne4 78. f7 Nf2#
0-1

[Event "7e Festival de Vaujany 2016 - principal"]
[Site "?"]
[Date "2016.07.24"]
[Round "9.16"]
[White "Juhasz, Barbara"]
[Black "Georges, Thomas"]
[Result "1/2-1/2"]
[WhiteElo "2179"]
[BlackElo "1980"]
[PlyCount "84"]

1. e4 c5 2. Nf3 d6 3. g3 Nc6 4. Bg2 Nf6 5. d3 g6 6. O-O Bg7 7. c3 O-O 8. Re1
Bg4 9. h3 Bxf3 10. Bxf3 Rc8 11. a4 b6 12. Na3 Nd7 13. Bg2 e6 14. Be3 Nf6 15.
Qd2 d5 16. exd5 exd5 17. Bg5 Qd7 18. Qf4 Nh5 19. Qf3 h6 20. Bh4 Ne5 21. Qd1
Rfe8 22. f4 Nc6 23. Qg4 Re6 24. Rxe6 Qxe6 25. Qf3 Bf6 26. Bxf6 Nxf6 27. Rf1 Kg7
28. Qf2 Re8 29. Nb5 Qd7 30. Re1 a6 31. Na3 Rxe1+ 32. Qxe1 Qe6 33. Qxe6 fxe6 34.
Kf2 Kf7 35. g4 Ke7 36. Ke3 Kd6 37. Nc2 e5 38. fxe5+ Nxe5 39. Bf1 Nc6 40. Kf4
Nd8 41. Ne3 Ne6+ 42. Kg3 Ke5 1/2-1/2

[Event "7e Festival de Vaujany 2016 - principal"]
[Site "?"]
[Date "2016.07.24"]
[Round "9.17"]
[White "Zachary, Matheo"]
[Black "Strohl, Antoine"]
[Result "1-0"]
[WhiteElo "2130"]
[BlackElo "1913"]
[PlyCount "39"]

1. e4 c5 2. Nf3 Nc6 3. Bb5 d6 4. d4 cxd4 5. Qxd4 Bd7 6. Bxc6 Bxc6 7. Nc3 Nf6 8.
Bg5 e6 9. Qd3 Be7 10. Nd4 O-O 11. O-O-O Rc8 12. f4 a6 13. Kb1 b5 14. a3 Bb7 15.
h4 Qa5 16. e5 dxe5 17. fxe5 Nd5 18. Nxd5 Bxa3 19. Nb3 Qa4 20. Nb6 1-0

[Event "7e Festival de Vaujany 2016 - principal"]
[Site "?"]
[Date "2016.07.24"]
[Round "9.18"]
[White "Mina, Marco"]
[Black "Degardin, Sylvain"]
[Result "0-1"]
[WhiteElo "2009"]
[BlackElo "2101"]
[PlyCount "92"]

1. e4 c5 2. Ne2 e6 3. d4 cxd4 4. Nxd4 Nf6 5. Nc3 d6 6. Bg5 Be7 7. f4 Nc6 8. Qd2
Qb6 9. O-O-O a6 10. Nf3 Qc7 11. Kb1 Bd7 12. e5 dxe5 13. fxe5 Ng4 14. Bxe7 Nxe7
15. Ne4 Bc6 16. Nd6+ Kf8 17. Qf4 Nh6 18. Nd4 Kg8 19. c4 Ng6 20. Qg3 Qa5 21. Re1
Qd2 22. Nb3 Qf4 23. Qc3 Ng4 24. Bd3 N6xe5 25. Rhf1 Qxh2 26. Be4 Bxe4+ 27. Nxe4
Qxg2 28. Nd4 Qh2 29. Nf3 Nxf3 30. Qxf3 Ne5 31. Nf6+ gxf6 32. Qxf6 Qh5 33. Ka1
Ng4 34. Rg1 Qf5 35. Qd4 h5 36. Re5 Qf6 37. Qc5 Rh6 38. Rxh5 Rg6 39. Rgh1 Nh6
40. a3 Rd8 41. Qb4 Rd7 42. Qa4 Re7 43. c5 e5 44. Rd1 e4 45. Rd6 Re6 46. Rhd5 e3
0-1

[Event "7e Festival de Vaujany 2016 - principal"]
[Site "?"]
[Date "2016.07.24"]
[Round "9.19"]
[White "Mihok, Laszlo"]
[Black "Skomorokhina, Ekaterina"]
[Result "1/2-1/2"]
[WhiteElo "2096"]
[BlackElo "1919"]
[PlyCount "108"]

1. d4 Nf6 2. Bg5 d5 3. e3 g6 4. Bxf6 exf6 5. g3 c6 6. Bg2 Bd6 7. Ne2 O-O 8. O-O
f5 9. b3 Nd7 10. c4 Nf6 11. Nbc3 Bb4 12. cxd5 cxd5 13. a3 Bxc3 14. Nxc3 Ne4 15.
Qd3 b6 16. Rfc1 Bb7 17. Rc2 Qd7 18. Rac1 Rfc8 19. Bf1 Kg7 20. b4 a5 21. b5 Nxc3
22. Rxc3 Rxc3 23. Rxc3 Rc8 24. a4 Kf6 25. h4 h6 26. Bg2 Ke6 27. Bh3 h5 28. Bf1
Rxc3 29. Qxc3 Qc8 30. Qxc8+ Bxc8 31. Kg2 f6 32. Be2 Kf7 33. Bf3 Be6 34. Kf1 Ke7
35. Ke2 Kd6 36. Kd3 Bf7 37. Bd1 Be6 38. f3 Bd7 39. Bc2 Be6 40. Ke2 Bf7 41. Kf2
Be8 42. Kg2 Bf7 43. Kh3 Be6 44. Kh2 Bf7 45. Bd1 Be6 46. Be2 Bd7 47. Bd3 Be8 48.
g4 hxg4 49. Kg3 gxf3 50. Kxf3 Ke6 51. Kf4 Bf7 52. Bc2 Be8 53. Bd1 Bf7 54. Be2
Be8 1/2-1/2

[Event "7e Festival de Vaujany 2016 - principal"]
[Site "?"]
[Date "2016.07.24"]
[Round "9.20"]
[White "Williams, Johann"]
[Black "Schmitt, Gregory"]
[Result "0-1"]
[WhiteElo "1837"]
[BlackElo "1987"]
[PlyCount "112"]

1. e4 b6 2. d4 Bb7 3. Nc3 e6 4. Nf3 Bb4 5. Bd3 Nf6 6. Nd2 Nc6 7. e5 Bxc3 8.
bxc3 Nd5 9. Ne4 d6 10. exd6 cxd6 11. Ba3 O-O 12. Nxd6 Qe7 13. Nc4 Qg5 14. Nd6
Rfb8 15. Qf3 Nd8 16. Nxb7 Rxb7 17. Be4 Rc8 18. Bb2 Rbc7 19. Bxd5 Qxd5 20. Qxd5
exd5 21. O-O-O b5 22. Rhe1 Nb7 23. Re5 f6 24. Re2 Nd6 25. Rde1 Kf7 26. Ba3 Ne4
27. Bb4 Kg6 28. Re3 Nxf2 29. Re7 Ne4 30. Rxc7 Rxc7 31. Re3 Kf5 32. h3 g5 33.
Rf3+ Ke6 34. g4 h5 35. Kb2 hxg4 36. hxg4 Rh7 37. Rf1 Rh4 38. Rg1 Rh3 39. Ba5
Kd7 40. Rg2 Nd6 41. Bb4 Nc4+ 42. Kb3 a5 43. Bc5 b4 44. Bxb4 axb4 45. Kxb4 Kc6
46. Rf2 Rh6 47. Re2 Kd6 48. Rg2 Rh8 49. Rf2 Rb8+ 50. Ka4 Ke7 51. Rf5 Ne3 52.
Rf3 Nxg4 53. Rg3 Nf2 54. Re3+ Kd6 55. Rf3 Ne4 56. a3 g4 0-1

[Event "7e Festival de Vaujany 2016 - principal"]
[Site "?"]
[Date "2016.07.24"]
[Round "9.21"]
[White "Mathieu, Olivier"]
[Black "Geher, Koppany"]
[Result "1-0"]
[WhiteElo "1969"]
[BlackElo "1931"]
[PlyCount "59"]

1. e4 e6 2. d4 d5 3. Nd2 Nf6 4. e5 Nfd7 5. Bd3 c5 6. c3 Nc6 7. Ne2 cxd4 8. cxd4
f6 9. exf6 Nxf6 10. O-O Bd6 11. Nf3 Qc7 12. Bg5 O-O 13. Bh4 Nh5 14. Qc2 h6 15.
Bh7+ Kh8 16. Bg6 Rxf3 17. gxf3 Bxh2+ 18. Kg2 Nf4+ 19. Nxf4 Qxf4 20. Bg3 Bxg3
21. fxg3 Qxd4 22. Be8 Qb6 23. Rac1 Nd4 24. Qc7 Qxb2+ 25. Rf2 Qb4 26. Qd8 Qb6
27. Rc7 Bd7 28. Qxd7 Nf5 29. Bg6 Ne3+ 30. Kh3 1-0

[Event "7e Festival de Vaujany 2016 - principal"]
[Site "?"]
[Date "2016.07.24"]
[Round "9.23"]
[White "Geher, Laszlo"]
[Black "David, Bogdan-Emanuel"]
[Result "0-1"]
[WhiteElo "1916"]
[BlackElo "2161"]
[PlyCount "40"]

1. e4 c5 2. Nf3 Nc6 3. d4 cxd4 4. Nxd4 e5 5. Nxc6 bxc6 6. Nc3 Nf6 7. Qf3 Bb4 8.
Bg5 Qa5 9. Bxf6 gxf6 10. Bc4 Bb7 11. O-O-O Bxc3 12. Qxf6 Rf8 13. bxc3 Qxc3 14.
Bb3 a5 15. Qd6 O-O-O 16. Rhe1 f5 17. exf5 Rxf5 18. Be6 Rxf2 19. Bxd7+ Rxd7 20.
Qxd7+ Kb8 0-1

[Event "7e Festival de Vaujany 2016 - principal"]
[Site "?"]
[Date "2016.07.24"]
[Round "9.24"]
[White "Zenere, Gabriele"]
[Black "Buffa, Sabarino Pietro"]
[Result "1-0"]
[WhiteElo "1931"]
[BlackElo "1818"]
[PlyCount "63"]

1. d4 Nf6 2. c4 Nc6 3. Nc3 e5 4. d5 Ne7 5. Nf3 Ng6 6. h4 Bb4 7. h5 Ne7 8. Nxe5
d6 9. Qa4+ c6 10. Qxb4 dxe5 11. e4 a5 12. Qa3 Bg4 13. h6 Nc8 14. Bg5 Rg8 15. f3
Bd7 16. O-O-O gxh6 17. Bxh6 Qb6 18. Qb3 Qxb3 19. axb3 Ke7 20. Be3 Rg6 21. g4
Rg7 22. g5 Ne8 23. Bh3 Ned6 24. Bxd7 Kxd7 25. dxc6+ Kxc6 26. Rh6 Kc7 27. Rdh1
Ra6 28. Rxh7 Rxh7 29. Rxh7 Rc6 30. c5 b5 31. cxd6+ Nxd6 32. Kd2 1-0